000 00321nam a2200145Ia 4500
008 230718s9999 xx 000 0 und d
041 _aEng.
082 _a346.4
_bWIG-N
100 _aWignal,Gordon
245 0 _aNuisances
260 _aPakistan
_bSweet & Maxwell
_c1998
300 _a325
650 _aLaw
999 _c30568
_d30568